1865 1473 1742 1362 1283 1351 1116 1396 1155 1996 1818 1361 1690 1713 1524 1173 1862 1943 1560 1169 1353 1613 1336 1123 1391 1692 1786 1700 1949 1152 1621 1861 1972 1086 1108 1375 1775 1932 1998 1603 1173 1598 1346 1436 1711 1767 1915 1815 1431 1418 1155 1001 1782 1041 1987 1168 1938 1119 1063 1578 1144 1107 1973 1945 1824 1943 1155 1910 1876 1717 1595 1023 1651 1817 1699 1488 1741 1901 1518 1115 1206 1320 1001 1299 1181 1741 1901 1309 1907 1265 1522 1447 1349 1975 1192 1208 1149 1761 1759 BCNSPRNW ULIB Ver.6.0+V

เปลี่ยนเป็นภาษาไทย

Change to English
 แสดงรายละเอียดบรรณานุกรม
  กลับหน้าหลัก

Brief Record : Get Marc (ISO 2709) : E-mail record : QR code < ปิดหน้าต่าง
LEADER : 00000nas 2200000uu 4500
001    13399127615
003     ULIB
008    210308s2563||||th 000 0 tha d
022 0  ^a01257242
245 00 ^aวารสารกองการพยาบาล = Journal of Nursing Division/^cกองการพยาบาล
310    ^aรายสี่เดือน
850 ^a ULIB^bปีที่ 47 ฉบับที่ 2 ฉ.1
945    ^p0^l0^i905678
999    ^aประนอม เกษจรัล
รายการนี้ยังไม่มีแท็ก
คุณยังไม่ได้ล็อกอิน คุณสามารถมีกิจกรรมร่วมกับเว็บไซต์ได้ แต่ต้องล็อกอินก่อน ::
  ล็อกอิน

รายการสื่อสารสนเทศ (วารสาร)

ดูแบบ: กล่อง รายการ
ARRIVED
ปีที่ 47 ฉบับที่ 2 ฉ.1
สถานที่: ห้องสมุดวิทยาเขตสวรรค์ประชารักษ์ >วารสาร

BibComment


ยังไม่เคยถูกคอมเมนท์

คอมเมนท์ทรัพยากรรายการนี้
  คอมเมนท์: วารสารกองการพยาบ..


 Copyright 2026. Bcnsprnw @Library